000 00416nam a2200157Ia 4500
008 230524s9999 xx 000 0 und d
082 _a621.38921
_bBOS
100 _aBimal K.Bose (ed by)
245 0 _aPower Electronics and Variable Frequency Drives
250 _a4TH
260 _aNEW DELHI
_bSPD (IEEE Press)
_c2006
300 _aXII;643
500 _aQuantity Number: 2
650 _aElectrical
942 _cBK
999 _c37240
_d37240